Maréchaux d'Empire - Statistiques

Statistiques générales
  • Ce quiz a été pris 161 fois
  • Le résultat moyen est 14 sur 26
Statistiques - réponses
Nommé en ... Maréchal % Correct
1804 Ney
93%
1804 Murat
84%
1804 Lannes
80%
1804 Davout
71%
1804 Bernadotte
68%
1815 Grouchy
64%
1804 Masséna
64%
1804 Berthier
63%
1813 Poniatowski
58%
1804 Soult
58%
1804 Augereau
55%
1809 Macdonald
54%
1804 Mortier
51%
1804 Bessières
47%
1804 Brune
47%
1804 Kellermann
44%
1812 Gouvion-Saint-Cyr
43%
1809 Oudinot
43%
1811 Suchet
41%
1809 Marmont
39%
1804 Jourdan
38%
1804 Lefebvre
38%
1804 Sérurier
38%
1804 Perignon
35%
1807 Victor
34%
1804 Jeannot de Moncey
7%
Aucun quiz correspondant
Distribution des résultats
% des personnes avec chaque résultat
Percentile par nombre de réponses
Votre historique - résultats
Vous n’avez pas pris ce quiz